000 00889nam a2200253 i 4500
001 11823
003 KOSZ 005
005 20200624113906.0
008 071015s1966 pl a f 000 0 pol
015 _aPB 1967/1140
035 _a(OCoLC)838997454
040 _aWA N
_cKOSZ 005/KK
_dKOSZ 005/KK
080 _a631
100 1 _aDmitrewski, Jerzy.
_eAutor.
245 1 0 _aJak obsługiwać maszyny rolnicze /
_cJerzy Dmitrewski.
250 _aWyd. 2.
260 _aWarszawa :
_bPaństwowe Wydawnictwo Rolnicze i Leśne,
_c1966.
300 _a139, [1] s. :
_bil. ;
_c23 cm.
380 _aKsiążki.
650 4 _aMaszyny i narzędzia rolnicze
_xobsługa i eksploatacja.
710 _aPaństwowe Wydawnictwo Rolnicze i Leśne
_4pbl.
856 _uhttp://koha.tu.koszalin.pl/cgi-bin/koha/opac-detail.pl?biblionumber=11823
_yKatalog online BPK
942 _2UKD
_cKS
999 _c11823
_d11823